| 000 | 00510nam a2200181Ia 4500 | ||
|---|---|---|---|
| 003 | GCL | ||
| 008 | 140319s9999 xx 000 0 ara d | ||
| 040 |
_aGCL / _cGCL |
||
| 082 | 0 | 4 |
_a823.03 _bو ا |
| 100 | 1 | _aوين، جون | |
| 245 | 1 | 0 |
_aاكتاف غضة / _cوين، جون |
| 700 | 1 | _aعزة حسين كبه (مترجم) | |
| 300 | _a232 ص | ||
| 490 | _a | ||
| 650 | 0 | 4 | _aالقصة الانجليزية المترجمة |
| 650 | 0 | 4 | _aالادب الانجليزى المترجم |
| 942 |
_2ddc _cBK |
||
| 999 |
_c40600 _d40600 |
||